|
|
|
|
| LEADER |
01340nam a2200277 a 4500 |
| 001 |
c000413821 |
| 003 |
CARM |
| 005 |
00000000000000.0 |
| 008 |
990816s1984 fr a b 100 0 eng |
| 019 |
1 |
|
|a 20462733
|
| 040 |
|
|
|a LC
|b eng
|c LC
|d LC
|
| 041 |
0 |
|
|a engfreitaspa
|
| 050 |
0 |
0 |
|a QK495.P83
|b I58 1983
|
| 082 |
0 |
4 |
|a 584.74091638
|
| 245 |
0 |
3 |
|a Le praterie sommerse del Mediterraneo /
|c a cura del Laboratorio di Ecologia del Benthos della Stazione Zoologica "Anton Dohrn" di Napoli.
|
| 260 |
|
|
|a Ischia, [Italy] :
|b Stazione Zoologica "Anton Dohrn" di Napoli,
|c 1986.
|
| 300 |
|
|
|a 59 p. :
|b ill. ;
|c 24 cm.
|
| 500 |
|
|
|a "Le praterie sommerse del Mediterraneo" allestita in occasione del Second International WOrkshop on Posidonia oceanica Beds, organizzato ad Ischia nell'Ottobre 1985."-- p. 9.
|
| 504 |
|
|
|a Includes bibliographical references.
|
| 650 |
|
0 |
|a Posidonia oceanica
|x Ecology
|z Mediterranean Sea.
|
| 650 |
|
0 |
|a Marine ecology
|z Mediterranean Sea.
|
| 710 |
2 |
|
|a Stazione zoologica di Napoli.
|
| 711 |
2 |
|
|a International Workshop on Posidonia Oceanica Beds
|n (2nd :,
|d 1985 :
|c Ischia, Italy)
|
| 852 |
8 |
|
|b CARM
|h A3:AF33F0
|i C12695
|p 0188177
|f BK
|
| 999 |
f |
f |
|i fc29b3d9-bba6-5e7c-9e62-705fd1600788
|s e9c1e841-cd10-5e12-bbcb-cbd1b9a8c246
|
| 952 |
f |
f |
|p Can circulate
|a CAVAL
|b CAVAL
|c CAVAL
|d CARM 1 Store
|e C12695
|f A3:AF33F0
|h Other scheme
|i book
|m 0188177
|